Doctor Who Trivia #3 - Statistics

General Stats
  • This quiz has been taken 252 times
  • The average score is 8 of 10
Answer Stats
Question Answer % Correct
What must you not do in the presence of a Weeping Angel? Blink
95%
What are Adipose made of? Fat
93%
Which character created the Daleks? Davros
92%
What planet are the Daleks from? Skaro
87%
Who played the First Doctor? William Hartnell
85%
Who played companion Clara Oswald? Jenna Louise Coleman
81%
Which Doctor had a long scarf? Fourth
74%
Who played companion Martha Jones? Freema Agyeman
74%
Who played the Fifth Doctor? Peter Davison
72%
Who played the Second Doctor? Patrick Troughton
70%
No matching quizzes found
Score Distribution
Percent of People with Each Score
Percentile by Number Answered
Your Score History
You have not taken this quiz